000 00303nam a2200133Ia 4500
008 190216s9999||||xx |||||||||||||| ||und||
100 _aChannon.J.B-Mcleish Smith.A
245 0 _aSchool Algebra
250 _aFIRST
260 _bLongmans
_c1963
300 _a430
650 _aMathematics
942 _cBK
999 _c30465
_d30465